Warzywa, które uprawia polski rolnik. - Statystyki

Ogólne statystyki
  • Ten quiz został rozwiązany 174 razy
  • Średni wynik to 4 z 8
Statystyki odpowiedzi
Odpowiedź % Poprawnych
Ziemniaki
86%
Marchew
83%
Kapusta
64%
Cebula
61%
Pomidory
60%
Ogórki
57%
Rzepak
17%
Fasolka
15%
Nie znaleziono quizów pasujących do podanych kryteriów
Rozkład punktacji
Procent ludzi z każdym wynikiem
Percentyl według liczby udzielonych odpowiedzi
Twoja historia wyników
Nie rozwiązałeś tego quizu